000 00687cam a22002531 4500
999 _c6508
_d6508
001 6508
003 BD-JhCC
005 20180130163548.0
008 060316s1961 xxua 000 0 eng
035 _a(BD-JhCC)6508
040 _aDLC
_cDLC
_dDLC
041 _aeng
050 0 0 _aHQ769
_b.H94
082 _a649.1
_bHUR 1961
100 1 _aHurlock, Elizabeth Bergner,
_d1898-1988
245 1 0 _aGuideposts for growing up /
_cElizabeth Bergner Hurlock
260 _aChicago :
_bStandard Education Society,
_c1954.
300 _a224 p. :
_billus.;
_c26 cm.
650 0 _aChild rearing.
650 0 _aChild development.
650 0 _aChild Psychology
942 _2ddc
_cBK